Statystyki dla J. Niemiecki - udzielanie porad dot. zdrowia słownictwo

Kliknij tutaj aby rozwiązać quiz!

Ogólne statystyki

  • Ten quiz został rozwiązany 48 razy
  • Średni wynik to 4 z 5

Statystyki odpowiedzi

NiemieckiPolski% Poprawnych
Nimm Aspirin!Weź aspirynę!
95%
Leg dich ins Bett!Połóż się do łóżka!
76%
Trink heißen Tee mit
Zitrone!
Napij się gorącej herbaty
z cytryną!
71%
Trink Hustensaft!Napij się syropu!
71%
Nimm ein Medikamente
gegen Grippe!
Weź lek przeciwko grypie!
67%

Rozkład punktacji

Percentyl według liczby udzielonych odpowiedzi

Procent ludzi z każdym wynikiem

Twoja historia wyników

Nie rozwiązałeś tego quizu